| 000 | 01620 a2200217 4500 | ||
|---|---|---|---|
| 003 | Nust | ||
| 005 | 20260207103415.0 | ||
| 010 | _a 80017184 | ||
| 020 | _a9971513307 | ||
| 040 | _cNust | ||
| 082 | 0 | 0 | _a530,HAL |
| 100 | 1 |
_aHalliday, David _95033 |
|
| 245 | 1 | 0 |
_aFundamentals of Physics / _cDavid Halliday, Robert Resnick & Jearl Walker |
| 250 | _a6th ed. | ||
| 260 |
_a Singapore _bWiley, _cc1981. |
||
| 300 |
_axv, 1044, [32] p. : _bill. ; _c27 cm. |
||
| 505 | _aMeasurement (Page-1), Motions Along a Straight Line (Page-11), Vectors (Page-31), Motion in two and Three Dimensions (Page-48), Force and Motion (Page-72), Force and Motion (Page-98), Kinetic Energy and Work (Page-116), Potential Energy and Conservation of Energy (Page-139), Systems of Particles (Page-168), Collisions (Page-193), Rotation (Page-215) Rolling Torque and Angular Momentum (Page-245), Equilibrium and Elasticity (Page-275), Gravitations (Page-294), Magnetic Field due to Currents (Page-686) Induction and Inductance (Page-710) Magnetism of Matter Maxwell Equations (Page-744), Electromagnetic Oscillations and Alternating (Page-768), Electromagnetic Waves (Page-801), Images (Page-833), Interference (Page-861), Diffraction (Page-890), Relativity (Page-919), Photons and Matter Waves (Page-953), More about Matter Waves (Page-979), All about Atoms (Page-1006), Conductions of Electricity in Solids (Page-1037), Nuclear Physics (Page-1062), Energy from the Nucleus (Page-1092), Quarks Leptons and Big Bang (Page-1116). | ||
| 650 | 0 |
_aFundamentals of Physics _9124532 |
|
| 700 | 1 |
_aResnick, Robert, _d1923- _91506 |
|
| 942 |
_2ddc _cBK |
||
| 999 |
_c181161 _d181161 |
||